| 000 | 00296 a2200121 4500 | ||
|---|---|---|---|
| 001 | 90780 | ||
| 082 | _a621.3848 LEV | ||
| 090 |
_c42953 _d42953 |
||
| 100 | _aLevanon Nadav; Eli Mozeson | ||
| 245 | _aRadar signals | ||
| 260 |
_aNew Jersey _bIEEE and John Wiley _a2004 |
||
| 300 | _axiv, 411 p. | ||
| 942 |
_aNUST-CAE _k621.3848 LEV |
||
| 999 |
_c325853 _d325853 |
||